000 00222nam a22000857a 4500
008 160916b xxu||||| |||| 00| 0 eng d
100 _9562
_aBadhwar.N
245 _aOur Environment-1
260 _aNew Delhi
_bP.B. Publications
_c2011
999 _c3218
_d3218